Szczegóły MARC21

Turystyka : zagadnienia teoretyczne /

003 -Nazwa inst., której nr kontr. jest w polu 001 [,]
    • @
    • Nazwa instytucji, której n kontrolny jest w polu 001
    • NUKAT
005 -DATA I CZAS OSTATNIEJ MODYFIKACJI [,]
    • @
    • pole kontrolne
    • 20241231100005.0
040 -Instytucja sporządzająca opis [ , ]
    • a
    • Instytucja, która sporządziła opis (NP)
    • KR 7/MN
    • c
    • Instytucja, która sporządziła rekord (NP)
    • KR 7/MN
    • d
    • Instytucja, która zmodyfikowała rekord (P)
    • KR 7/EG
    • d
    • Instytucja, która zmodyfikowała rekord (P)
    • KR 7/CPs
041 -Język dokumentu [0, ]
    • a
    • Język tekstu (P)
    • polski
    • b
    • Język streszczeń lub abstraktu (P)
    • niemiecki
    • b
    • Język streszczeń lub abstraktu (P)
    • rosyjski
942 -Rodzaj dokumentu [ , ]
    • c
    • Rodzaj dokumentu
    • Książka
100 -Hasło główne - nazwa osobowa [1, ]
    • a
    • Nazwa osobowa (NP)
    • Naumowicz, Krystyna.
    • 9
    • KHW
    • 40764
245 -Strefa tytułu i oznaczenia odpowiedzialności [1,0]
    • a
    • Tytuł
    • Turystyka : Find
    • b
    • Ciąg dalszy tytułu (NP)
    • zagadnienia teoretyczne / Find
    • c
    • Pozostałe elementy strefy tytułu i oznaczenia odpowiedzialności (NP)
    • Krystyna Naumowicz.
250 -Strefa wydania [ , ]
    • a
    • Oznaczenie wydania (NP)
    • Wyd. 2.
260 -Strefa adresu wydawniczego [ , ]
    • a
    • Miejsce wydania (P)
    • Szczecin :
    • b
    • Nazwa wydawcy (P)
    • Wydaw. Naukowe Uniwersytetu Szczecińskiego,
    • c
    • Data wydania (P)
    • 1990.
300 -Strefa opisu fizycznego [ , ]
    • a
    • Określenie formy książki i/lub objętość (NP)
    • 293 s. ;
    • c
    • Format (NP)
    • 24 cm.
336 -Typ zawartości [ , ]
    • a
    • Termin opisujący typ zawartości
    • Tekst
    • b
    • Kod określający zawartość
    • txt
    • 2
    • Źródło (terminu i kodu)
    • rdacontent
337 -Typ mediów [ , ]
    • a
    • Tryb odtwarzania
    • Bez urządzenia pośredniczącego
    • b
    • Kod typu mediów
    • n
    • 2
    • Źródło (terminu i kodu)
    • rdamedia
338 -Typ/rodzaj nośnika [ , ]
    • a
    • Hasło opisujące typ nośnika
    • Wolumin
    • b
    • Kod typu nośnika
    • nc
    • 2
    • Źródło (terminu i kodu)
    • rdacarrier
504 -Uwaga dot. bibliogr. załącznikowej [ , ]
    • a
    • Uwaga dot. bibliografii załącznikowej
    • Bibliogr. s. 276-289.
521 -Uwaga dot. przeznaczenia czytelniczego [8, ]
    • a
    • Uwaga dot. przeznaczenia czytelniczego
    • Skrypt dla studentów kierunku ekonomika i organizacja obrotu towarowego i usług.
546 -Uwaga dot. języka [ , ]
    • a
    • Uwaga dot. języka
    • Streszcz. w jęz. niem., ros.
080 -Uniwersalna Klasyfikacja Dziesiętna [ , ]
    • 9
    • UKD
    • 3264
    • b
    • Dopowiedzenie
    • Turystyka. Turyzm.
    • 4
    • UKD2
    • 7665
    • x
    • Poddział wspólny
    • (075.8)
    • c
    • Dopowiedzenie poddz. wspólnego
    • (Podręczniki dla szkół wyższych. Skrypty).
650 -Hasło przedmiotowe [ ,7]
    • a
    • Hasło przedmiotowe
    • Turystyka
    • v
    • Określnik formalny
    • podręczniki akademickie.
    • 2
    • Źródło terminu
    • kaba
    • 9
    • KHW
    • 364511
980 -Symbol UKD [ , ]
    • a
    • UKD
    • 338.48(075.8)
710 -Hasło dodatkowe - nazwa ciała zbiorowego [2, ]
    • a
    • Nazwa ciała zbiorowego lub nazwa geograficzna jako pierwszy element (NP)
    • Uniwersytet Szczeciński.
    • b
    • Nazwa jednostki podrzędnej (P)
    • Wydawnictwo Naukowe.
    • 4
    • Kod relacji
    • pbl
    • 9
    • KHW
    • 51208
Lokalizacja Data inwentaryzacji Status udost. Numer inwentarzowy
BE1996-09-18-2E.59359
BE1996-09-182S.74113
BE1996-09-18-3S.69821
BE1996-09-182S.69826
BE1996-09-182S.78928
BE1996-09-182S.78929
BE1996-09-182S.78930
BE1998-06-12-3S.82492
BNS2002-02-201F.30826
T1996-09-18-6TS.73747
T1996-09-18-3TS.69817
T1996-09-18-3TS.69818
T1996-09-18-3TS.69819
T1996-09-18-3TS.69820
T1996-09-18-3TS.69827
T1996-09-18-3TS.69828
T1996-09-18-3TS.69829
T1996-09-18-3TS.69830
T1996-09-18-3TS.69831
T1996-09-18-3TS.69832
T1996-09-18-3TS.69833
T1996-09-18-3TS.69834
T1996-09-18-3TS.69835
T1996-09-18-3TS.69836
T1996-09-18-3TS.69837
T1996-09-18-3TS.69838
T1996-09-18-3TS.69840
T1996-09-18-3TS.69841
T1996-09-18-3TS.69842
T1996-09-18-3TS.69843
T1996-09-18-3TS.69844
T1996-09-18-3TS.69845
T1996-09-18-3TS.69846
T1996-09-18-3TS.69822
T1996-09-18-3TS.69823
T1996-09-18-3TS.69824
T1996-09-18-3TS.69825
T1996-09-18-6TS.74110
T1996-09-18-6TS.74111
T1996-09-18-6TS.74112
T1996-09-18-6TS.77724
T1996-09-18-6TS.77725
T1996-09-18-6TS.78932
T1996-09-18-3TS.78931
T1996-09-18-3TS.69839
T1996-09-18-6TS.74109